000 00595nam a2200193Ia 4500
005 20260114185832.0
008 008 260114s9999 xx 000 0 eng d
020 _a9780755603435
037 _aEBOOK
040 _aCRL
_beng
_cCRL
041 _aeng
_2eng
084 _qCRL
100 _aEstelle Barrett and Barbara Bolt
_9874987
245 0 _aCarnal Knowledge Towards a 'New Materialism' Through The Arts
260 _bBloomsbury
_c2012
856 _uhttps://doi.org/10.5040/9780755603435?locatt=label:secondary_bloomsburyCollections
942 _cEBOOK
999 _c1473921
_d1473921